000 00957nam a2200301Ia 4500
001 41879
003 IT-RoPAU
008 130308s9999 xx 000 0 und d
040 _aIT-RoPAU
040 _cIT-RoPAU
041 _aFRANCESE
100 _aParret Herman
100 _gCodice Aut. SPICS: 12911
245 _aElements d'une analyse philosophique de la manipulation et du mensonge (Doc. 70)
245 _bElements d'une Analyse Philosophique de la Manipulation et Du Mensonge (Doc. 70)
250 _a1a ed.
260 _aITALIA
260 _bUniversita' Di Urbino
260 _c1978 [1° Ed.:1978 - Ed.Ling.Originale:1978]
300 _a"36 p. (prefazione: no ; testo: 36)"
500 _aAnalisi Filosofica della manipolazione e della Menzogna significazione dei termini manipolazione e Menzogna
650 _aEPISTEMOLOGIA
650 _eCodice materia Spics: 3051
942 _cBK
957 _71
999 _c64951
_d64951
999 _bSI
999 _g1